Gentilés des villes françaises - Niveau difficile - Statistiques

Statistiques générales
  • Ce quiz a été pris 53 fois
  • Le résultat moyen est 8 sur 20
Statistiques - réponses
Gentilé Ville % Correct
Montalbanaise, Montalbanais Montauban
90%
Angoumoisine, Angoumoisin Angoulême
75%
Seynoise, Seynois La Seyne-sur-Mer
71%
Tourquennoise, Tourquennois Tourcoing
69%
Burgienne, Burgien Bourg-en-Bresse
63%
Mantaise, Mantais Mantes-la-Jolie
57%
Bisontine, Bisontin Besançon
53%
Spinalienne, Spinalien Épinal
53%
Biterroise, Biterrois Béziers
51%
Berruyère, Berruyer Bourges
39%
Martégale, Martégal Martigues
33%
Clodoaldienne, Clodoaldien Saint-Cloud
27%
Meldoise, Meldois Meaux
25%
Balbynienne, Balbynien Bobigny
22%
Vaudaise, Vaudais Vaulx-en-Velin
20%
Albertivillarienne, Albertivillarien Aubervilliers
16%
Foyalaise, Foyalais Fort-de-France
10%
Montilienne, Montilien Montélimar
8%
Balnéolaise, Balnéolais Bagneux
6%
Beauvillésoise, Beauvillésois Villiers-le-Bel
0%
Aucun quiz correspondant
Distribution des résultats
% des personnes avec chaque résultat
Percentile par nombre de réponses
Votre historique - résultats
Vous n’avez pas pris ce quiz